Terra Blade - Terraria Crafting Tree - Statistics

General Stats
  • This quiz has been taken 94 times
    82 since last reset
  • The average score is 18 of 24
Answer Stats
Item % Correct
Excalibur
95%
Night's Edge
95%
True Excalibur
92%
True Night's Edge
91%
Broken Hero's Sword
88%
Terra Blade
88%
Blade of Grass
85%
Volcano
83%
Hallowed Bar (×12)
78%
Hellstone Bar (×20)
72%
Hellstone Ore (×60)
72%
Light's Bane / Blood Butcherer
72%
Muramasa
72%
Stinger (×12)
72%
Jungle Spores (×15)
71%
Obsidian (×20)
71%
Vine (×3)
71%
Demonite Bar (×10) / Crimtane Bar (×10)
69%
Demonite Ore (×30) / Crimtane Ore (×30)
69%
Soul of Fright (×20)
68%
Soul of Might (×20)
68%
Soul of Sight (×20)
68%
Chlorophyte Bar (×24)
66%
Chlorophyte Ore (×144)
66%
No matching quizzes found
Score Distribution
Percent of People with Each Score
Percentile by Number Answered
Your Score History
You have not taken this quiz since the last reset